000 00540nam a22001697a 4500
005 20251108164715.0
008 250721s1995 xx 000 0 ara d
082 1 4 _a614.09565/صلا
100 1 _aأبو الرب، صلاح الدين
245 1 0 _aمقدمة في صحة المجتمع :
_bالصحة العامة /
264 1 _aالكويت :
_bمكتبة الفلاح للنشر و التوزيع،
_c1995.
300 _a212ص
650 1 7 _aالصحة العامة
650 1 7 _aالأردن
942 _2ddc
_cBK
999 _c12374
_d12374